000
00229nam a22000857a 4500
999
_c
5486
_d
5486
008
170116b xxu||||| |||| 00| 0 eng d
020
_a
9788172162931
100
_9
2441
_a
Antony.V,.etal.
245
_a
Volley ball Player's Hand Book
260
_a
New Delhi
_b
F.P.
_c
2009